Transmission line matrix in computational mechanics /

The finite element method reigns as the dominant technique for modeling mechanical systems. Originally developed to model electromagnetic systems, the Transmission Line Matrix (TLM) method proves to match, and in some cases exceed, the effectiveness of finite elements for modeling several types of p...

Full description

Bibliographic Details
Main Author: De Cogan, Donard
Corporate Author: Taylor & Francis
Other Authors: O'Connor, William, 1951-, Pulko, Susan H.
Format: eBook
Language:English
Published: Boca Raton, FL : CRC/Taylor and Francis, 2006.
Subjects:
Online Access:Connect to the full text of this electronic book

MARC

Tag First Indicator Second Indicator Subfields
LEADER 00000cam a2200000 a 4500
001 in00005652811
006 m o d
007 cr cnu||||||||
008 060726s2006 flua ob 000 0 eng d
005 20250728184621.0
035 |a (OCoLC)ocm70695957  
040 |a HNK  |b eng  |e pn  |c HNK  |d WPG  |d UV0  |d BDX  |d OCLCQ  |d OCLCF  |d OCLCQ  |d IDEBK  |d OCLCQ  |d OCLCO  |d OCLCQ  |d OCLCO  |d OCLCL  |d OCLCQ  |d OCLCL 
019 |a 814320860  |a 824539388 
020 |a 0415327172 
020 |a 9780415327176 
020 |a 1280290781 
020 |a 9781280290787 
035 |a (OCoLC)70695957  |z (OCoLC)814320860  |z (OCoLC)824539388 
050 4 |a TK7876  |b .D43 2006 
072 7 |a TN  |2 bicssc 
082 0 4 |a 620.1/001/5118  |2 22 
049 |a TXAM 
100 1 |a De Cogan, Donard. 
245 1 0 |a Transmission line matrix in computational mechanics /  |c Donard de Cogan, William J. O'Connor, Susan Pulko. 
260 |a Boca Raton, FL :  |b CRC/Taylor and Francis,  |c 2006. 
300 |a 1 online resource (255 pages) :  |b illustrations 
336 |a text  |b txt  |2 rdacontent 
337 |a computer  |b c  |2 rdamedia 
338 |a online resource  |b cr  |2 rdacarrier 
504 |a Includes bibliographical references. 
588 0 |a Print version record. 
520 |a The finite element method reigns as the dominant technique for modeling mechanical systems. Originally developed to model electromagnetic systems, the Transmission Line Matrix (TLM) method proves to match, and in some cases exceed, the effectiveness of finite elements for modeling several types of physical systems. Transmission Line Matrix in Computational Mechanics provides a tutorial approach to applying TLM to modeling mechanical and other physical systems. Transmission Line Matrix in Computational Mechanics begins with the history of TLM, an introduction to the theory using mechanical engineering concepts, and the electromagnetic basics of TLM. The authors then demonstrate the theory for use in acoustic propagation, along with examples of MATLAB code. The remainder of the book explores the application of TLM to problems in mechanics, specifically heat and mass transfer, elastic solids, simple deformation models, hydraulic systems, and computational fluid dynamics.; A discussion of state-of-the-art techniques concludes the book, offering a look at the current research undertaken by the authors and other leading experts to overcome the limitations of TLM in applying the method to diverse types of systems. This valuable reference introduces students, engineers, and researchers to a powerful, accurate, and stable alternative to finite elements, providing case studies and examples to reinforce the concepts and illustrate the applications. 
650 0 |a Microwave transmission lines  |x Mathematical models. 
650 6 |a Lignes de transmission pour micro-ondes  |x Modèles mathématiques. 
650 7 |a Microwave transmission lines  |x Mathematical models  |2 fast 
655 7 |a Electronic books.  |2 local 
700 1 |a O'Connor, William,  |d 1951-  |1 https://id.oclc.org/worldcat/entity/E39PCjvGtGRpvgMqVxtXFrK9j3 
700 1 |a Pulko, Susan H. 
710 2 |a Taylor & Francis. 
740 0 |a Transmission line matrix (TLM) in computational mechanics. 
758 |i has work:  |a Transmission line matrix in computational mechanics (Text)  |1 https://id.oclc.org/worldcat/entity/E39PCGGWpbwfJ3yvjhwXk7tCpK  |4 https://id.oclc.org/worldcat/ontology/hasWork 
856 4 0 |u http://proxy.library.tamu.edu/login?url=https://www.taylorfrancis.com/books/9780429215643  |z Connect to the full text of this electronic book  |t 0 
955 |a Taylor and Francis MATHnetBASE 
994 |a 92  |b TXA 
999 f f |s 06153671-ef4d-47ed-b92c-457eacfe058d  |i e72ea130-a066-4ca9-a5bf-897d628ab2e3  |t 0 
952 f f |a Texas A&M University  |b College Station  |c Electronic Resources  |d Available Online  |t 0  |e TK7876 .D43 2006  |h Library of Congress classification 
998 f f |a TK7876 .D43 2006  |t 0  |l Available Online